Rajasthan. (Record no. 56396)

MARC details
000 -LEADER
fixed length control field 00655cam a22002171 4500
001 - CONTROL NUMBER
control field sa 64000746
003 - CONTROL NUMBER IDENTIFIER
control field DLC
005 - DATE AND TIME OF LATEST TRANSACTION
control field 20260227111958.0
008 - FIXED-LENGTH DATA ELEMENTS--GENERAL INFORMATION
fixed length control field 920114s1962 ii ab 000 0 eng
010 ## - LIBRARY OF CONGRESS CONTROL NUMBER
LC control number sa 64000746
035 ## - SYSTEM CONTROL NUMBER
System control number (OCoLC)27112886
040 ## - CATALOGING SOURCE
Original cataloging agency DLC
Transcribing agency PU
Modifying agency DLC
042 ## - AUTHENTICATION CODE
Authentication code premarc
043 ## - GEOGRAPHIC AREA CODE
Geographic area code a-ii---
050 00 - LIBRARY OF CONGRESS CALL NUMBER
Classification number DS485.R2
Item number A54
110 1# - MAIN ENTRY--CORPORATE NAME
Corporate name or jurisdiction name as entry element India.
Subordinate unit Department of Tourism.
245 00 - TITLE STATEMENT
Title Rajasthan.
260 ## - PUBLICATION, DISTRIBUTION, ETC.
Place of publication, distribution, etc. New Delhi
Name of publisher, distributor, etc. [Publications Division, Ministry of Information and Broadcasting, Govt. of India,
Date of publication, distribution, etc. 1962]
300 ## - PHYSICAL DESCRIPTION
Extent 112 p.
Other physical details illus. (part col.) fold. col. map.
Dimensions 18 cm.
651 #0 - SUBJECT ADDED ENTRY--GEOGRAPHIC NAME
Geographic name Rajasthan (India)
Form subdivision Pictorial works.

No items available.

Powered by Koha